000 01255nam a22002537a 4500
005 2010101908158.0
008 101019t xxu||||| |||| 00| 0 hin d
010 _aHIN-90897
020 _a9788190914192
_c150.00
035 _aHN-63243
037 _bDBAD / PUB
040 _aDPL
_bHN
082 _a822
100 _923632
_aकाश्मीरी, आग़ा हश्र
245 _aसीता-बनवास /
_cआग़ा हश्र काश्मीरी ;कृष्णदेव झारी द्वारा अनुदित एवं संपादित
246 _aSita Banvass
_bby Agha Hashra Kashmiri
260 _aनई दिल्ली
_bदीपू बुक्स
_c2010
270 _a16/एफ-3, अंसारी रोड, दरियागंज
_bनई दिल्ली
_e110002
_k9899882010
300 _a76पृ.
_c22सेमी (सजिल्द)
650 _9657
_aहिन्दी नाटक
700 _923660
_aझारी, कृष्णदेव
942 _2ddc
_cHN
_h822
_mकाश्मीरी
999 _c48456
_d48456